000 00626nam a22002417a 4500
003 UA-OsUOA
001 34333
007 ta
008 20050927b un ||||| |||| 00| 0 ukr d
100 _aМоруа Андре
090 _a821.133.12:929
_bМ80
942 _cBK
040 _aUA-OsUOA
_bukr
_cUA-OsUOA
_dUA-OsUOA
245 _aПрометей
300 _a504 с.
955 _a3
041 _aukr
080 _a821.133.12:929
260 _aК.
_bДніпро
_c1977
246 3 1 _aЖиття Бальзака
_n
650 7 _a82 Література. Літературознавство
_2UDC
999 _c315636
_d315636